Movies Quiz

Random Movies or Oscar Quiz
Score 0/20 Timer 05:00
0 Plays Today
% Correct
Pulp Fiction
92.4%
Juno
88.2%
Thelma and Louise
83.1%
Dead Poets Society
79.9%
Almost Famous
73.6%
Lost in Translation
68.9%
Witness
67.3%
Chinatown
66.7%
Dog Day Afternoon
66.2%
Citizen Kane
65.8%
% Correct
Her
64.2%
Manchester by the Sea
63.6%
Sunset Boulevard
62.1%
Eternal Sunshine of
the Spotless Mind
61.3%
The Producers
60.9%
The Apartment
56.4%
The Crying Game
50.7%
Hannah and Her Sisters
49.6%
Gosford Park
49.2%
The Defiant Ones
48.3%
Remove Ads.
Support Sporcle.
Get the best of Sporcle when you Go Orange. This ad-free experience offers more features, more stats, and more fun while also helping to support Sporcle. Thank you for becoming a member.

You're not logged in!

Compare scores with friends on all Sporcle quizzes.
OR
Log In

Sporcle TV

Today on Sporcle TV


Watch our educational content, quiz creation guides, and fun videos on Sporcle TV.

Show Comments

Extras

Top Quizzes Today


Score Distribution

Paid Content

Your Account Isn't Verified!

In order to create a playlist on Sporcle, you need to verify the email address you used during registration. Go to your Sporcle Settings to finish the process.

Report this User

Report this user for behavior that violates our Community Guidelines.

Details: